Bez půjček není růst: Čína a Indie

Spotreba domácnosti a investície firiem sú motorom ekonomiky. Pokiaľ sa tok peňazí zastaví ekonomika stagnuje. Zvládnutie kreditných rizík a funkčné riadenie vzťahov so zákazníkmi. Finančný systém a rozvoj finančného trhu Číny a Indie.

Gespeichert in:
Bibliographische Detailangaben
1. Verfasser: Bartuška, Roman
Format: Buchkapitel
Sprache:Tschechisch
Schlagworte:
Tags: Tag hinzufügen
Keine Tags, Fügen Sie das erste Tag hinzu!

MARC

LEADER 00000naa a2200000 4500
001 0210099
005 20231211083940.6
041 0 |a cze 
044 |a CZ 
245 1 0 |a Bez půjček není růst: Čína a Indie  |c Roman Bartuška 
520 |a Spotreba domácnosti a investície firiem sú motorom ekonomiky. Pokiaľ sa tok peňazí zastaví ekonomika stagnuje. Zvládnutie kreditných rizík a funkčné riadenie vzťahov so zákazníkmi. Finančný systém a rozvoj finančného trhu Číny a Indie. 
610 2 0 |a Čína 
610 2 0 |a India 
610 2 0 |a trh finančný 
610 2 0 |a inštitúcie finančné 
610 2 0 |a bankovníctvo 
610 2 0 |a peňažníctvo 
610 2 0 |a investície finančné 
610 2 0 |a riziko bankové 
610 2 0 |a cash flow 
100 1 |a Bartuška, Roman